| 000 | 00436nam a2200169Ia 4500 | ||
|---|---|---|---|
| 005 | 20250508150446.0 | ||
| 008 | 008 250505s9999 xx 000 0 eng d | ||
| 037 | _aTextual | ||
| 040 |
_aFEDL _beng _cFEDL |
||
| 041 |
_aeng _2eng |
||
| 084 |
_a824, WHA _qFEDL |
||
| 245 | 0 | _aWhat I believe | |
| 260 |
_aLondon, UK _bThe Porcupine Press _c1948 |
||
| 300 | _a96p | ||
| 942 |
_cTEXL _h824, WHA |
||
| 999 |
_c1323758 _d1323758 |
||